000 00553nam a2200217Ia 4500
003 OSt
005 20221007083148.0
006 a|||||r|||| 00| 0
007 ta
008 221006b |||||||| |||| 00| 0 eng d
024 _a38,623
037 _cDissertations
040 _aFLL
_cFLL
_beng
041 _2eng
_aeng
100 _aCheena Paramjit Singh
_9700380
245 0 _aCruelty - Ground for martimonial relief
260 _c1987
300 _axxvi,209p
_ccm.
942 _cDIS
_2CC
999 _c1169048
_d1169048